00369nam a2200121Ia 4500003000400000008004100004040001600045082002000061245007800081260007200159300001100231490000500242GCL140319s9999 xx 000 0 ara d aGCL / cGCL04a390.2444bد ف10aفرنسا والفرنسيون على لسان الرائد طوسون a[S.N] : bدار الهلال للطباعة والنشر ، c1989 a151 ص a